| 000 | 01379cam a2200289 a 4500 | ||
|---|---|---|---|
| 999 |
_c57933 _d57933 |
||
| 001 | 17727976 | ||
| 005 | 20221114112340.0 | ||
| 008 | 130507s2013 enka b 001 0 eng d | ||
| 020 | _a9781403915146x | ||
| 041 | _aeng | ||
| 080 | _a327(4) B-94 | ||
| 100 | 1 |
_aBuonanno, Laurie. _911009 |
|
| 245 | 1 | 0 |
_aPolicies and policy processes of the European Union / _cLaurie Buonanno and Neill Nugent. |
| 264 |
_aNew York : _bPalgrave Macmillan, _c2013. |
||
| 300 |
_a356 pages : _billustrations ; _c26 cm. |
||
| 337 |
_aunmediated _bn _2rdamedia |
||
| 338 |
_avolume _bnc _2rdacarrier |
||
| 653 | _aPolicies and Policy Processes of the European Union | ||
| 653 | _aევროკავშირის პოლიტიკისა და პოლიტიკის პროცესები | ||
| 653 | _aПолитики и политические процессы Европейского Союза | ||
| 700 | 1 |
_aNugent, Neill. _910877 _eავტორი |
|
| 830 | 0 |
_aEuropean Union series (Palgrave Macmillan (Firm)) _910495 |
|
| 856 | 4 | 2 |
_3Contributor biographical information _uhttp://www.loc.gov/catdir/enhancements/fy1502/2012533717-b.html |
| 856 | 4 | 2 |
_3Publisher description _uhttp://www.loc.gov/catdir/enhancements/fy1502/2012533717-d.html |
| 856 | 4 | 1 |
_3Table of contents only _uhttp://www.loc.gov/catdir/enhancements/fy1502/2012533717-t.html |
| 942 |
_2udc _cBK |
||